| 000 | 00833cam a22002291 4500 | ||
|---|---|---|---|
| 001 | ca 17001052 | ||
| 003 | DLC | ||
| 005 | 20260227111102.0 | ||
| 008 | 790524s1885 nyu 000 0 eng | ||
| 010 | _aca 17001052 | ||
| 035 | _a(OCoLC)5002046 | ||
| 040 |
_aDLC _cNSufR _dDLC |
||
| 042 | _apremarc | ||
| 050 | 0 | 0 |
_aTD225.A3 _bC4 1885 |
| 100 | 1 |
_aChandler, Charles Frederick, _d1836-1925. |
|
| 245 | 0 | 0 |
_aReport on the waters of the Hudson river, _btogether with an analysis of the same, made to the Water commissioners of the city of Albany _cby C. F. Chandler, PH.D. January, 1885. |
| 260 |
_aNew York, _bTrow's Printing and Bookbinding Co., _c1885. |
||
| 300 |
_a35 p. _c23 cm. |
||
| 650 | 0 |
_aWater-supply _zNew York (State) _zAlbany. |
|
| 651 | 0 | _aHudson River (N.Y. and N.J.) | |
| 710 | 1 |
_aAlbany (N.Y.). _bWater Commissioners. |
|
| 999 |
_c15028 _d15028 |
||